• 首页
  • 本馆介绍
  • 公告通知
  • 最新文献
  • 馆藏检索
  • 电子资源
  • 读者导购
  • 参考咨询
  • 我的图书馆
  • 登录
  • 详细信息显示
  • 放入我的书架
  • 预约/预借图书
  • 作者相关作品
  • 分类相关作品
  • 丛书相关作品
  • 出版社相关作品

书目信息

  • 表格格式
  • 工作单格式
  • 卡片格式
题名:
革命导师毛泽东
    
 
作者: 韩月娥 编著
分册:  
出版信息: 乌鲁木齐   新疆青少年出版社  2005
页数: 184页
开本: 20cm
丛书名: 革命导师故事丛书
单 册:
中图分类: I287.51 , A752
科图分类:
主题词: 儿童文学--革命故事--中国--现代 , 毛泽东--传记 , 生平事迹 , 革命故事
电子资源:
ISBN: 7-5371-2998-3
000 00977oam2 2200313 45
001 01200520515538
005 20070709155337.37
010    @a7-5371-2998-3@dCNY22.80
092    @aCN@b99759
100    @a20050916d2005 em y0chiy0120 ea
101 0  @achi
102    @aCN@b650000
105    @ay z 000yy
200 1  @a革命导师毛泽东@Age ming dao shi mao ze dong@f韩月娥编著@Fhan yue e bian zhu
205    @b修订版
210    @a乌鲁木齐@c新疆青少年出版社@d2005
215    @a184页@d20cm
225 2  @a革命导师故事丛书
330    @a本书包括勤劳能干的石三伢子、乐善好施的少年、聪颖调皮的私塾生、爱为穷人抱不平、艰难曲折求新学、“极有价值”的自学生活等内容。
461  0 @12001 @a革命导师故事丛书
606 0  @a儿童文学@x革命故事@y中国@z现代
606 0  @a毛泽东@x传记
606 0  @x生平事迹
606 0  @a革命故事
690    @aI287.51@v4
690    @aA752@v3
701  0 @a韩月娥@Ahan yue e@4编著
801  0 @aCN@bLZJBOOK@c20070709
905    @a10447@dA752@e191=2
    
    革命导师毛泽东/韩月娥编著.-修订版.-乌鲁木齐:新疆青少年出版社,2005
    184页;20cm.-(革命导师故事丛书)
    
    
    ISBN 7-5371-2998-3:CNY22.80
    本书包括勤劳能干的石三伢子、乐善好施的少年、聪颖调皮的私塾生、爱为穷人抱不平、艰难曲折求新学、“极有价值”的自学生活等内容。
●
相关链接 在E读中查询图书 在五车中查询图书 在当当中查询图书 在豆瓣中查询图书


正题名:革命导师毛泽东     索取号:A752/191=2         预约/预借

序号 登录号 条形码 馆藏地/架位号 状态 备注
1 0554785   205547853   第一样本阅览室/ [索取号:A752/191=2] 在馆    
2 0554786   205547862   第一借阅区/ [索取号:A752/191=2] 在馆    
3 0554787   205547871   第一借阅区/ [索取号:A752/191=2] 在馆    
4 0554788   205547880   第一借阅区/ [索取号:A752/191=2] 在馆    
5 0554789   205547899   第一借阅区/ [索取号:A752/191=2] 在馆    
6 0554790   205547906   第一借阅区/ [索取号:A752/191=2] 在馆    
7 0554791   205547915   第一借阅区/ [索取号:A752/191=2] 在馆    
8 0554792   205547924   第一借阅区/ [索取号:A752/191=2] 在馆    
唐山师范学院图书馆 欢迎您!
大连网信软件有限公司© 版权所有